Statistics for Counties of sweden #1

Click here to take the quiz!

General Stats

  • This quiz has been taken 11 times
  • The average score is 10 of 15

Answer Stats

HintAnswer% Correct
GötalandSkåne
89%
GötalandSmåland
89%
GötalandBohus
78%
GötalandHalland
78%
NorrlandNorrbotten
78%
GötalandVästra götaland
78%
GötalandBlekinge
67%
GötalandGotland
67%
SvealandSödermanland
67%
GötalandDalsland
56%
NorrlandLappland
56%
GötalandÖland
56%
NorrlandÅngermanland
44%
SvealandStockholm
33%
GötalandÖster götaland
22%

Score Distribution

Percentile by Number Answered

Percent of People with Each Score

Your Score History

You have not taken this quiz